00700nam a2200205Ia 450000500170000000800410001704000190005804100120007708200150008910000300010424501260013426000400026030000150030044000610031550400190037665000180039565100550041370000160046885000100048420230321093926.0131103s9999 xx 000 0 und d aLoreto College aEnglish a822.6bSHE aSheridan,Richard Brinsley 4aThe school for scandal cRichard Brinsley Sheridan,introduction, notes, explanatory comments and question by K.K.Kemkar aAgrabEducational Publicationc1970 aiv,134 p.  aNarain's University Series Of English Literature; No. 28 aIncludes notes aEnglish Drama aSheridan,Richard Brinsley - The School For Scandal aKemkar,K.K. aLCLIB